000 01008 am a2200277 a 4500
005 20240219114812.0
008 100825s2000||||ag # f |||| 001 0 spa d
020 _a9500710382
041 _aspa
092 _c174
_l50
_sLUN
100 1 _aLuna, Florencia.
_91300
245 _aDecisiones de vida y muerte.
_bEutanasia, aborto y otros temas de ética médica /
_cFlorencia Luna
250 _a2a ed.
_bTraducción Alberto Gioia y María Cristof.
260 _aBuenos Aires:
_bSudamericana;
_c2000.
300 _a293 p.
500 _aLuna, F. y Salles, A. (2000). Decisiones de vida y muerte. Eutanasia, aborto y otros temas de ética médica. (2a ed.). Buenos Aires : Sudamericana.
653 _aEtica teórica y bioética
653 _aRelación médico-paciente
653 _aRechazo del tratamiento, Eutanasia y suicidio asistido
653 _aAborto
653 _aTécnica de reproducción asistida
700 1 _aSalles, Arleen,
_91301
930 _a915
930 _a916
942 _2ddc
_cBK
999 _c633
_d633